<?xml version="1.0" encoding="UTF-8"?>
<collection xmlns="http://www.loc.gov/MARC21/slim">
 <record>
  <leader>01012nam a2200181   4500</leader>
  <controlfield tag="001">1/34803</controlfield>
  <controlfield tag="008">080410s2007    lu a         n000 0 gre  </controlfield>
  <datafield tag="020" ind1=" " ind2=" ">
   <subfield code="a">9789279065811</subfield>
  </datafield>
  <datafield tag="035" ind1=" " ind2=" ">
   <subfield code="l">37284</subfield>
  </datafield>
  <datafield tag="040" ind1=" " ind2=" ">
   <subfield code="a">GR-PeUP</subfield>
  </datafield>
  <datafield tag="082" ind1="0" ind2="0">
   <subfield code="a">ΚΕΤ 331.25 ΔΕΚ</subfield>
  </datafield>
  <datafield tag="245" ind1="0" ind2="0">
   <subfield code="a">Δέκα έτη ευρωπαϊκής στρατηγικής για την απασχόληση /</subfield>
   <subfield code="c">Ευρωπαϊκή Επιτροπή.</subfield>
  </datafield>
  <datafield tag="260" ind1=" " ind2=" ">
   <subfield code="a">Λουξεμβούργο :</subfield>
   <subfield code="b">Υπηρεσία Επισήμων Εκδόσεων των Ευρωπαϊκων Κοινοτήτων ,</subfield>
   <subfield code="c">2007.</subfield>
  </datafield>
  <datafield tag="300" ind1=" " ind2=" ">
   <subfield code="a">43 σ. :</subfield>
   <subfield code="b">πιν. ;</subfield>
   <subfield code="c">24 εκ.</subfield>
  </datafield>
  <datafield tag="610" ind1="2" ind2="0">
   <subfield code="a">Ευρωπαϊκή Οικονομική Κοινότητα</subfield>
   <subfield code="x">Κοινωνική πολιτική.</subfield>
  </datafield>
  <datafield tag="650" ind1=" " ind2="4">
   <subfield code="a">Απασχόληση</subfield>
   <subfield code="x">Ευρωπαϊκή Ένωση.</subfield>
  </datafield>
  <datafield tag="710" ind1="2" ind2=" ">
   <subfield code="a">Ευρωπαϊκή Επιτροπή</subfield>
   <subfield code="b">Γενική Διεύθυνση Διεύρυνσης.</subfield>
  </datafield>
  <datafield tag="852" ind1=" " ind2=" ">
   <subfield code="a">INST</subfield>
   <subfield code="b">UNIPILB</subfield>
   <subfield code="c">KET</subfield>
   <subfield code="e">20080410</subfield>
   <subfield code="h">ΚΕΤ 331.25 ΔΕΚ</subfield>
   <subfield code="p">00155537</subfield>
   <subfield code="q">00155537</subfield>
   <subfield code="t">LOAN</subfield>
   <subfield code="y">0</subfield>
   <subfield code="4">1</subfield>
  </datafield>
 </record>
</collection>
